| 000 | 00620nam a2200229Ia 4500 | ||
|---|---|---|---|
| 003 | OSt | ||
| 005 | 20220926005418.0 | ||
| 006 | a|||||r|||| 00| 0 | ||
| 007 | ta | ||
| 008 | 220923b |||||||| |||| 00| 0 eng d | ||
| 037 | _cGeneral Book | ||
| 040 |
_aRTL _cRTL _beng |
||
| 041 |
_2eng _aeng |
||
| 082 | _aW.2.N6, K5 | ||
| 100 | _aMalaviya H D | ||
| 245 | 0 | _aDanger of right reaction | |
| 260 |
_a New Delhi _bSocialist Congressmen Publication _c1965 |
||
| 300 |
_a401p _ccm. |
||
| 650 | _aIndia Political System | ||
| 942 |
_hW.2.N6, K5 _cGB _2CC |
||
| 999 |
_c613735 _d613735 |
||